Les villes les plus peuplées des Alpes-de-Haute-Provence - Statistiques

Statistiques générales
  • Ce quiz a été pris 145 fois
  • Le résultat moyen est 10 sur 20
Statistiques - réponses
Population Ville % Correct
16 029 Digne-les-Bains
96%
19 607 Manosque
93%
6 962 Sisteron
84%
4 326 Forcalquier
79%
2 815 Barcelonnette
70%
1 515 Castellane
68%
4 122 Oraison
59%
2 923 Les Mées
50%
2 336 Valensole
49%
1 913 Gréoux-les-Bains
45%
2 701 Volx
42%
4 974 Château-Arnoux-Saint-Auban
41%
1 667 Riez
36%
2 218 Peyruis
35%
1 441 Seyne
33%
3 284 Pierrevert
32%
3 059 Sainte-Tulle
32%
1 636 Malijai
28%
2 978 Villeneuve
28%
1 516 Volonne
28%
Aucun quiz correspondant
Distribution des résultats
% des personnes avec chaque résultat
Percentile par nombre de réponses
Votre historique - résultats
Vous n’avez pas pris ce quiz